|
|
|
|
| LEADER |
00000naa2a2200000 4500 |
| 001 |
284743 |
| 005 |
20260119135646.0 |
| 035 |
|
|
|a (RuTPU)RU\TPU\book\308925
|
| 035 |
|
|
|a RU\TPU\book\265433
|
| 090 |
|
|
|a 284743
|
| 100 |
|
|
|a 20150218d2010 k y0rusy50 ca
|
| 101 |
0 |
|
|a rus
|
| 102 |
|
|
|a RU
|
| 135 |
|
|
|a drcn ---uucaa
|
| 181 |
|
0 |
|a i
|
| 182 |
|
0 |
|a b
|
| 200 |
1 |
|
|a Способы активизации учебной деятельности при изучении дисциплины "Инженерная графика"
|f Е. В. Вехтер
|
| 203 |
|
|
|a Текст
|c электронный
|
| 225 |
1 |
|
|a Внедрение инновационных технологий в образовательном процессе (информационные технологии, средства и технологии электронного обучения, активные образовательные технологии).
|
| 300 |
|
|
|a Заглавие с титульного листа
|
| 463 |
|
0 |
|0 (RuTPU)RU\TPU\book\198003
|t Совершенствование содержания и технологии учебного процесса
|o сборник трудов научно-методической конференции, г. Томск, 12-13 февраля 2010 г.
|f Томский политехнический университет (ТПУ)
|d 2010
|
| 610 |
1 |
|
|a электронный ресурс
|
| 610 |
1 |
|
|a труды учёных ТПУ
|
| 610 |
1 |
|
|a учебная деятельность
|
| 610 |
1 |
|
|a изучение
|
| 610 |
1 |
|
|a инженерная графика
|
| 700 |
|
1 |
|a Вехтер
|b Е. В.
|c специалист в области инженерной графики и начертательной геометрии
|c доцент Томского политехнического университета, кандидат педагогических наук
|f 1972-
|g Евгения Викторовна
|3 (RuTPU)RU\TPU\pers\26510
|9 12212
|
| 801 |
|
2 |
|a RU
|b 63413507
|c 20150218
|g RCR
|
| 856 |
4 |
|
|u http://www.lib.tpu.ru/fulltext/m/2010/m1/Index/r/Report/be.html
|
| 942 |
|
|
|c CF
|